000 02111 a2200337 4500
999 _c10904
_d10904
020 _a9781437715286 (pbk. : alk. paper)
020 _a1437715281 (pbk. : alk. paper)
020 _a9780808924258 (international ed.)
050 0 0 _aQR185.5
_bABB 2012
100 1 _aAbbas, Abul K.
_eauthor
245 1 0 _aCellular and molecular immunology /
_cAbul K. Abbas, Andrew H. Lichtman, Shiv Pillai ; illustrations by David L. Baker, Alexandra Baker.
250 _a7th ed.
264 _aNew York:
_bElselvier
_c2012
300 _ax, 545 p. :
_bcol. ill. ;
336 _2text
_ardacontent
_btxt
337 _2unmediated
_ardamedia
_bn
338 _2volume
_ardacarrier
_bnc
504 _aIncludes bibliographical references and index.
505 0 _aProperties and overview of immune response -- Cells and tissues of the immune system -- Leukocyte migration into tissues -- Innate immunity -- Antibodies and antigens -- Major histocompatibility complex (MHC) Molecules and antigen presentation to T lymphocytes -- Immune receptors and signal transduction -- Lymphocyte development and antigen receptor gene rearrangement -- Activation of T lymphocytes -- Effector mechanisms of cell-mediated immunity -- B cell activation and antibody production -- Effector mechanisms of humoral immunity -- Regional immunity : specialized immune responses in epithelial and immune-privileged tissues -- Immunological tolerance and autoimmunity -- Immunity to microbes -- Transplantation immunology -- Immunity to tumors -- Hypersensitivity disorders -- IgE-dependent immune responses and atopic disease -- Congenital and acquired immunodeficiencies.
650 0 _aCellular immunity.
650 0 _aMolecular immunology.
650 1 2 _aImmunity, Cellular.
650 2 2 _aAntibody Formation
_ximmunology.
650 2 2 _aAntigens
_ximmunology.
650 2 2 _aImmune System Diseases
_ximmunology.
650 2 2 _aLymphocytes
_ximmunology.
700 1 _aLichtman, Andrew H.
_eeditor
700 1 _aPillai, Shiv.
_eeditor
942 _2lcc
_cBK
_e7th ed.
_h185.5
_iABB
_kQR